| 000 | 00687nam a2200169 a 4500 | ||
|---|---|---|---|
| 005 | 20140414093838.0 | ||
| 008 | 070817s19uu xx 00 eng d | ||
| 050 |
_aCDR 800 _bOVE 2002 |
||
| 245 |
_aOver 4000 works of literature. / _cEureka Multimedia. |
||
| 260 |
_cc2000. _aSl : _bNodtronics, |
||
| 300 | _a1CD-Rom | ||
| 520 | _aContents: an interactive Cd-rom which contains over 4000 complete works by great authors from all over the world including Australia. There are novels, plays, poetry, short stories, sacred texts, essays, the complete King James Bible, plus much more. | ||
| 650 | _aLiterature. | ||
| 650 |
_aLiterature _xinteractive. |
||
| 942 | _cAVM | ||
| 999 |
_c109132 _d109132 |
||